| 000 | 00356nam a22001577a 4500 | ||
|---|---|---|---|
| 005 | 20160627155050.0 | ||
| 008 | 160627b xxu||||| |||| 00| 0 eng d | ||
| 020 | _a0733-9402-131-3-1-6 | ||
| 041 | _aeng | ||
| 082 | _b10664 | ||
| 245 | _aJournal of Energy Engineering | ||
| 260 |
_bASCE _c2005 |
||
| 300 | _a45 | ||
| 650 |
_aManagement _9241 |
||
| 942 | _cBK | ||
| 999 |
_c4309 _d4308 |
||